[Event "Prague Masters 2nd"]
[Site "Prague"]
[Date "2020.02.21"]
[Round "7"]
[White "Navara, David"]
[Black "Vitiugov, Nikita"]
[Result "1/2-1/2"]
[WhiteElo "2717"]
[BlackElo "2731"]
[Annotator "Navara,D"]
[PlyCount "83"]
[EventDate "2020.02.12"]
[EventType "tourn"]
[EventRounds "9"]
[EventCountry "CZE"]
[EventCategory "19"]
[SourceTitle "CBM 195"]
[Source "ChessBase"]
[SourceDate "2020.04.30"]
[SourceVersion "1"]
[SourceVersionDate "2020.04.30"]
[SourceQuality "1"]

1. c4 e5 2. g3 ({Eleven days earlier, I played} 2. Nc3 Bb4 3. g3 Bxc3 4. bxc3
d6 5. Bg2 Ne7 6. d3 Nbc6 7. f4 $5 {against Nikita in the German Bundesliga. I
eventually won the game, but repeating the same line would not be very clever.}
) 2... c6 3. d4 e4 4. a3 $5 {I was inspired by the Grischuk - Caruana game
from the Grand Swiss on the Isle of Man. Well, there the moves Bg2 and Nf6
came before 5.a3, but it probably does not change much.} ({After} 4. Nc3 {
Black can already consider} Bb4 $5 {.} (4... d5 {is the common reply.})) 4...
d5 5. Nc3 {I wanted to employ this line already before, but my previous
opponents did not give me the opportunity to do so. I am not sure if it was a
good idea to use it against such a strong grandmaster, but I had to play
something after all!} Nf6 $6 {It is very surprising that this natural move is
inaccurate.} (5... Be7 6. f3 Nf6 (6... f5 $6 7. Nh3 Nf6 8. cxd5 cxd5 9. Bg5 $14
) 7. Bg2 {transposes to the game.}) ({Even} 5... h6 6. f3 exf3 (6... f5 $6 {
seriously weakens the e5-square and White can put his bishop there.}) 7. Nxf3
Nf6 {might transpose to the game.}) 6. Bg2 $6 ({I was very surprised to learn
that} 6. Bg5 $1 {allowed White to achieve a slight edge, for instance} Be7 ({
White also remains marginally better after} 6... Nbd7 7. cxd5 cxd5 8. Qa4 (8.
Nxd5 $4 Qa5+) 8... Qb6 9. Qb5 $1 {, but not} (9. Bxf6 $4 Qxb2 $1 {, when Black
is winning!})) ({I was not sure about} 6... dxc4 $6 7. Bxf6 Qxf6 8. Nxe4 {
either, but White's central control ensures him an advantage, there.}) 7. Bxf6
$1 Bxf6 8. e3 O-O 9. Nge2 $14 {and the d5-pawn becomes weak.}) 6... Be7 7. f3
exf3 ({It seems that a pawn sacrifice} 7... O-O $5 8. fxe4 Nxe4 (8... dxe4 $2
9. Nh3 $1) 9. Nxe4 dxe4 10. Bxe4 Bf6 (10... Re8 11. Nf3 Bh3 {is similar}) 11.
Nf3 Bh3 $44 {gives Black reasonable compensation, but few people would choose
such a sharp reply to an opening surprise.}) 8. Nxf3 O-O 9. O-O h6 ({After} 
9... dxc4 10. e4 b5 11. Bg5 {White gets a nice compensation due to his central
control and his better development. Black should think twice before playing
h7-h6, as it gives White an additional target. White just withdraws the bishop
to f4 and might play Qd1-d2, when a sacrifice on h6 becomes particulary
dangerous if Black's bishop leaves the c8-h3 diagonal or if the knight moves
away from f6. (Say, after e4-e5 Nf6-d5.)}) 10. cxd5 $5 ({The stem game went on
with} 10. Nh4 Re8 ({I wanted to avoid} 10... dxc4 11. e4 Bg4 ({as well as} 
11... c5 $5 12. d5 Bd6 {, when White might easily end up worse with his
central pawns blocked.})) 11. Nf5 Bf8 12. g4 $1 (12. cxd5 cxd5 13. Ne3 Be6 14.
Rxf6 $1 Qxf6 15. Nexd5 Qd8 16. Nf4 Nd7 $1 17. Nxe6 fxe6 18. Bxb7 Rb8 19. Bf3 e5
$1 $13) 12... Bxf5 13. Rxf5 dxc4 14. e4 (14. g5 $36) 14... Nbd7 15. g5 Nh7 $6 (
15... hxg5 16. Bxg5 c5 $5 17. Nd5 cxd4 $13) 16. gxh6 g6 17. Rf1 (17. Rf2 Qh4
18. Qf1 Bxh6 19. Bxh6 Qxh6 20. Rxf7 Qe3+ 21. Kh1 {favours White.}) 17... Qh4
18. Bf4 $6 (18. Rf4 $5) (18. Qf3 Re7 19. Qf4 Qxf4 20. Bxf4 $14) 18... Bxh6 19.
Bg3 Qe7 20. e5 f5 $5 $13 21. b3 (21. Qe2) 21... Nb6 22. bxc4 Nxc4 23. Qb3 Qf7
24. Rab1 Be3+ 25. Bf2 Bxf2+ 26. Rxf2 Rad8 27. Ne2 Re7 28. h4 Nd2 29. Qxf7+ Rxf7
30. Rb4 Nf8 31. Nc3 a5 32. Ra4 Nb3 33. d5 Kg7 34. h5 b5 35. Raf4 cxd5 36. Nxb5
Re7 37. hxg6 Nxg6 38. Rxf5 d4 39. Nd6 Rxe5 40. Rf7+ Kg8 41. R7f6 Kg7 42. Rf7+
Kg8 {1/2 (42) Grischuk,A (2759)-Caruana,F (2812) Douglas 2019}) 10... cxd5 11.
Nh4 Nc6 12. Nf5 Be6 13. g4 $1 Re8 $1 {This is the only way to maintain the
balance.} ({Black does not have sufficient compensation for a missing pawn
after} 13... Ne4 $6 14. Bxe4 $1 dxe4 15. d5 Bxf5 16. gxf5 Ne5 17. Nxe4 $14 {.})
({A careless continuation} 13... Nxg4 $6 14. e4 Nf6 15. Nxd5 Nxd5 $2 16. exd5
Bxd5 17. Bxh6 $1 gxh6 18. Nxh6+ $1 {would leave Black defenceless.}) ({The
d5-pawn would be too weak after} 13... Bxf5 14. Rxf5 $16 {.}) 14. Nxe7+ (14. g5
hxg5 15. Bxg5 Nh7 16. Nxe7+ Nxe7 {transposes to the game.}) 14... Nxe7 $1 {
Other recaptures would considerably increase the effect of the g4-g5 advance.}
15. g5 ({The exchange sacrifice} 15. Rxf6 $6 gxf6 16. Bxh6 Bxg4 {looks too
brave for a classical game, but}) (15. Bxh6 $5 {was an alternative to the text.
Stockfish shows some fancy but complicated lines like} Ne4 $5 (15... Nxg4 16.
Bg5 $13) 16. Bxe4 $5 dxe4 17. Qd2 $1 gxh6 18. Nxe4 $44 {. What about returning
to the game?}) 15... hxg5 16. Bxg5 Nh7 $1 17. Bh4 $6 ({It might have been
safer to play} 17. Qd2 Nxg5 18. Qxg5 {, when} Qb6 19. Rad1 Qxb2 20. Rd3 {
gives White nice compensation as well as an option to draw immediately:} Rac8
21. Rb1 $5 Qc2 22. Rc1 $11 {.}) 17... Qd7 18. e3 Nf5 19. Qe1 {I played quickly
until now, while Nikita had slowed down several moves earlier.} Nf8 ({I ended
my preparation searching for equality after} 19... Rac8 20. Rd1 b5 21. e4 Nxh4
22. Qxh4 dxe4 23. Bxe4 g6 {, when White's exposed king could easily become a
factor. Playing such problematic lines cannot be recommended, but with growing
age one should become less ambitious. :-)}) ({Black could also play} 19... a5
$5 $36 {preparing b7-b5 and Ra8-a6 at the same time.}) 20. Rd1 Ng6 21. Bg3 Nh6
{Black would like to swap the light-squared bishops.} ({Nikita rejected} 21...
Rad8 22. e4 Nxg3 23. Qxg3 dxe4 {, as he was concerned about his king. That
said, the position remains balanced after} 24. Bxe4 $1 (24. Nxe4 $6 Bd5 25. Ng5
$6 Bc4 $1 26. Rf2 Qa4 $1 $17 {is surprisingly bad for White.}) 24... Bb3 25.
Rd2 {.}) 22. e4 ({Stockfish suggests} 22. Rd2 $5 Rad8 23. h4 $1 $36 {, when
White's position might be a bit easier to play, but not more.}) 22... dxe4 ({
Black correctly avoided} 22... Bg4 $6 23. Nxd5 $1 Bxd1 24. Qxd1 $14 {, as
White's central control and piece activity would be more important than his
minimal material deficit.}) 23. Qxe4 Re7 {I somehow missed this move.} ({
Black ought to avoid} 23... Bh3 $6 24. Qxb7 Qxb7 $6 25. Bxb7 $16) ({, but an
odd-looking move} 23... b6 $5 {was a decent alternative to the text.}) 24. Nd5
Bxd5 25. Qxd5 Qxd5 26. Bxd5 Ng4 {The fork on e3 needs to be prevented.} (26...
Rd8 $5 {might have been a bit more accurate, e.g.} 27. Bb3 Re3 28. Ba2 Re2 29.
Rf2 Rxf2 30. Kxf2 Nf5 $11) 27. Rd3 ({Black would still need to prove equality
after both} 27. Rf3 $5 Rd8 28. Bb3) ({and} 27. Rfe1 $5 Ne3 28. Bxb7 $1 Rd8 $1
29. Rd2 Rxb7 30. Rxe3 Ne7 $44) 27... Rd8 28. Bb3 Nf6 29. d5 Re2 $1 ({I rather
expected} 29... Ne4 $6 30. d6 Red7 {and planned} 31. Rd5 $5 $36 {, preventing
31...Nc5 and depriving the other knight of the e5-square.} ({I was less
enthusiastic about} 31. Rf5 $1 b6 $6 (31... Nxg3 $1 32. hxg3 a6 $1 $14) {
, but White is actually clearly better after} 32. Rd4 $1 Nxg3 33. hxg3 {.}))
30. d6 ({I rejected} 30. Rf2 Re1+ ({Black can (also) equalize by means of} 
30... Rxf2 $5 31. Kxf2 Ne4+ 32. Ke3 Nxg3 33. hxg3 Ne7 $1 {, transferring the
knight to d6 in many lines.}) 31. Kg2 {in view of} Ne4 {, missing} 32. Rxf7 $1
{(Stockfish)} {Still, Black can maintain the balance with} Re2+ $1 (32... Nxg3
$2 33. d6 $1 $18 {is the main point.}) 33. Kf3 Nxg3 $1 34. hxg3 Re1 $5 (34...
Ree8 35. Rxb7 Ne5+ 36. Ke2 Nxd3+ 37. Kxd3 $14) 35. Kf2 $1 Ne5 $1 36. Rc3 $8
Kxf7 $1 37. Kxe1 Ke7 $44 {, blocking the d5-pawn. It's time to return to human
chess!}) 30... Ne5 $1 (30... Rxb2 $6 {looks too risky.}) 31. Rc3 ({Nikita
expected me to play a tricky move} 31. Rd4 {. Maybe I indeed would choose that
move if I had spotted the following trap:} Rxb2 $2 (31... Nc6 $11) 32. Bxe5
Rxb3 33. Rxf6 $1 gxf6 34. Bxf6 {. The main threat as 35.Rh4 and lateral checks
do not help, as White's king can go to the queenside. Black has nothing better}
Rxd6 35. Rxd6 Rxa3 $16 {with a poor endgame.}) 31... Nc6 $1 {I underestimated
this move.} 32. Rd3 Ne5 ({The alternative} 32... Rxb2 $5 33. Bh4 {gives White
enough compensation but nothing more.}) 33. Bd1 $1 Re4 34. Rc3 Nc4 $1 35. Bf3
Nd2 $1 {The point of Black's defence.} 36. Bxe4 (36. Rfc1 Nxf3+ 37. Rxf3 Nh5 $1
38. Rc7 Nxg3 39. hxg3 Rxd6 40. Rxb7 $11) 36... Nfxe4 {The game now steers to a
draw.} ({I saw the trap} 36... Nxf1 $2 37. d7 $1 Nxg3 38. Rc8 $1 Ngxe4 39.
Rxd8+ Kh7 40. Rh8+ $18 {, but Black's game continuation is simple and good.})
37. Rc7 (37. Rfc1 Nxc3 38. Rxc3 Ne4) 37... Nxf1 38. d7 $5 Kf8 $1 39. Kxf1 Nxg3+
(39... Ke7 40. Rxb7 Rxd7 $11) 40. hxg3 Ke7 41. Rxb7 Rxd7 42. Rb5 {This game
was rather typical for the whole tournament, which ran in a friendly
atmosphere. Players were fighting, but two thirds of the games in the Masters
tournament were still drawn, as the field was very balanced.} 1/2-1/2

[Event "Rohde op 12th"]
[Site "Sautron"]
[Date "2012.10.31"]
[Round "6"]
[White "Rusev, Krasimir"]
[Black "Karpatchev, Aleksandr"]
[Result "0-1"]
[WhiteElo "2549"]
[BlackElo "2458"]
[Annotator "RR"]
[PlyCount "104"]
[EventDate "2012.10.27"]
[EventType "swiss"]
[EventRounds "9"]
[EventCountry "FRA"]
[SourceTitle "EXT 2014"]
[Source "ChessBase"]
[SourceDate "2013.11.20"]
[SourceVersion "1"]
[SourceVersionDate "2013.11.20"]
[SourceQuality "1"]
[TimeControl "40/5400+30:1800+30"]
[WhiteClock "1:30:00"]
[BlackClock "1:30:00"]

1. c4 {[%emt 0:00:00]} e5 {[%emt 0:00:00]} 2. g3 {[%emt 0:00:00]} Nf6 {[%emt 0:
00:48]} 3. Bg2 {[%emt 0:00:09]} c6 {[%emt 0:02:34][%cal Gd7d5] Transpose
parfois dans le système KERES} 4. d4 $1 {[%emt 0:00:03]} Bb4+ {[%emt 0:01:17]
Une suite trés solide car après 'échange des B, les Noirs auront un centre sur
cases noires.} (4... e4 5. Nc3 (5. d5)) 5. Bd2 {[%emt 0:00:56]} Bxd2+ {[%emt 0:
00:06]} 6. Qxd2 {[%emt 0:00:05]} d6 {[%emt 0:00:07]} 7. Nc3 {[%emt 0:00:35]}
O-O {[%emt 0:00:08]} 8. e3 {[%emt 0:02:31]} Re8 {[%emt 0:04:14]} (8... Be6 {
[%cal Ge6c4,Gd8d7]} 9. b3 exd4 10. Qxd4 d5 $132) (8... Qe7 9. Nge2 Nbd7 $11) 9.
Nge2 {[%emt 0:00:53]} e4 {[%emt 0:06:37][%cal Gd6d5]} (9... Nbd7 10. h3 (10.
O-O Qe7 11. h3 h5 12. e4 exd4 13. Nxd4 Ne5 14. Qe2 Ng6 15. f4 Qc7 16. Kh1 Bd7
17. Qd2 Rad8 18. Rad1 Bc8 19. Qc1 a6 20. a3 c5 21. Nc2 Bd7 22. Ne3 Bc6 23. Ned5
Bxd5 24. Nxd5 Nxd5 {Romanov,E (2628)-Kornev,A (2530)/Moscow 2012/CBM 146 Extra/
1-0 (62)}) 10... Nf8 11. O-O e4 12. f4 exf3 13. Rxf3 h6 14. Raf1 N8h7 15. e4
Be6 16. b3 a6 17. R3f2 Qe7 18. g4 Rad8 19. Ng3 b5 20. cxb5 axb5 21. Nd1 c5 22.
Ne3 cxd4 23. Qxd4 Bd7 24. Rd1 {Navara,D (2722)-Moiseenko,A (2715)/
Khanty-Mansiysk 2011/CBM 145/1/2-1/2 (72)}) 10. h3 {[%emt 0:02:14]} (10. O-O)
10... d5 $11 {[%emt 0:01:16]} 11. g4 $5 $146 {[%emt 0:02:55][%cal Gg4g5,Ge2g3,
Gg3f5] Un plan ambitieux} (11. cxd5 cxd5 12. O-O Na6 13. f4 h5 14. f5 Qd6 15.
Nf4 Nc7 16. Qe2 Bxf5 17. Nxh5 Nxh5 18. Qxh5 Bg6 19. Qg5 Ne6 20. Qg4 Bh7 21. h4
f5 22. Qh3 Rf8 23. Rf2 Rf6 24. Ne2 Rc8 25. g4 f4 {Colin,V (2441)-Libiszewski,F
(2518)/Rouen 2009/EXT 2011/1/2-1/2 (58)}) 11... h6 {[%emt 0:04:28]} (11... dxc4
12. Ng3 Be6 13. O-O Qe7 14. Ngxe4 Nxe4 15. Nxe4 Nd7) 12. Ng3 {[%emt 0:00:26]}
Nh7 {[%emt 0:08:31][%cal Gd8h4,Gh7g5]} 13. Qe2 {[%emt 0:47:33][%cal Ge2g4,
Gh3h4,Gg4g5]} (13. O-O {[%cal Gg3f5] Un plan plus solide}) 13... Be6 {[%emt 0:
09:08]} 14. h4 {[%emt 0:03:19]} (14. O-O-O) 14... Nd7 {[%emt 0:06:44]} 15.
O-O-O $13 {[%emt 0:01:43]} Ndf6 {[%emt 0:04:30]} (15... b5 $5 {Il est trés
risqué pour les Blancs d'accepter le gambit}) 16. f3 {[%emt 0:12:45]} dxc4 {
[%emt 0:12:27]} 17. Ngxe4 {[%emt 0:01:20]} Nd5 $1 $132 {[%emt 0:04:14][%csl
Re3][%cal Ge8e3]} 18. g5 {[%emt 0:06:35]} h5 {[%emt 0:04:58]} 19. Rhe1 {
[%emt 0:03:50]} (19. g6 $5) 19... Qa5 {[%emt 0:06:14][%csl Ra2]} 20. a3 $6 {
[%emt 0:04:26][%csl Rb3] Donne de la prise а une attaque sur la colonne "b"} (
20. Kb1) 20... b5 $1 {[%emt 0:00:40][%cal Gb5b4]} 21. Na2 {[%emt 0:00:12]} Qc7
{[%emt 0:09:09][%cal Ga7a5,Gb5b4]} (21... Rab8) (21... Qb6 $1 {Evite l'échange
des Q de la partie} 22. Rg1 a5 $17) 22. Qf2 {[%emt 0:00:01]} a5 $36 {[%emt 0:
00:47]} 23. Qg3 {[%emt 0:03:25]} Qxg3 {[%emt 0:02:54]} 24. Nxg3 {[%emt 0:00:01]
} b4 $17 {[%emt 0:00:06]} 25. Ne4 {[%emt 0:01:57]} c3 {[%emt 0:06:54]} (25...
Nf8) 26. b3 {[%emt 0:00:58]} Nxe3 $1 {[%emt 0:01:43]} 27. Rxe3 {[%emt 0:00:17]}
Bxb3 {[%emt 0:00:01]} 28. Naxc3 $8 {[%emt 0:00:21]} bxc3 {[%emt 0:00:45]} 29.
Rdd3 {[%emt 0:01:12]} Nf8 {[%emt 0:00:49]} 30. Bh3 {[%emt 0:03:14]} Rad8 $13 {
[%emt 0:00:40]} 31. Rxc3 {[%emt 0:00:28]} (31. Bf5) 31... Bd5 {[%emt 0:00:22]}
32. Bf5 {[%emt 0:00:54]} Ng6 {[%emt 0:01:21]} 33. Bxg6 {[%emt 0:00:05]} fxg6 {
[%emt 0:00:01]} 34. Ng3 {[%emt 0:00:38]} Rxe3 {[%emt 0:00:15]} 35. Rxe3 {
[%emt 0:00:01]} Rf8 $17 {[%emt 0:00:17]} 36. Ne2 {[%emt 0:00:26]} Bxf3 {
[%emt 0:00:16]} 37. Kd2 {[%emt 0:00:30]} Bg4 {[%emt 0:00:21]} (37... Bxe2 $143
{[%csl Rh4][%cal Gf8f4]} 38. Kxe2 Rf4 {Les Blancs peuvent peut-être sauver la
nulle mais après la chute du P"h4", le P"h5" sera trés dangereux}) 38. Kc3 {
[%emt 0:00:44]} Rf2 {[%emt 0:00:35][%csl Rh4][%cal Gf2h2]} 39. Nc1 {[%emt 0:00:
08]} Bf5 $1 $40 {[%emt 0:01:17][%csl Rc1,Gc2,Rc3]} 40. Nd3 {[%emt 0:00:00]} Ra2
{[%emt 0:00:00]} 41. Kb3 {[%emt 0:00:09]} Rh2 {[%emt 0:10:18]} 42. Ne5 {
[%emt 0:00:03]} Rxh4 $19 {[%emt 0:01:08][%csl Gh5]} 43. Nxc6 {[%emt 0:00:02]}
Re4 $1 {[%emt 0:00:29]} 44. Rd3 {[%emt 0:04:39]} h4 {[%emt 0:05:27]} (44... Re2
$142 45. Rc3 h4 {[%cal Gh4h3,Gh3h1]}) 45. d5 {[%emt 0:00:02]} h3 {[%emt 0:00:
23]} 46. Rd2 {[%emt 0:00:05]} Kf7 {[%emt 0:02:23]} 47. Nxa5 {[%emt 0:01:54]}
Rh4 {[%emt 0:01:14]} 48. Rh2 {[%emt 0:00:13]} Be4 {[%emt 0:03:05]} 49. Kc3 {
[%emt 0:00:55]} Bxd5 {[%emt 0:00:44]} 50. Nb3 {[%emt 0:00:02]} Rc4+ {[%emt 0:
01:53]} 51. Kb2 {[%emt 0:01:41]} Bg2 {[%emt 0:00:13]} 52. Nd2 {[%emt 0:00:07]}
Rc5 {[%emt 0:00:16]} 0-1

[Event "ESP-chT CECLUB Honor"]
[Site "Melilla"]
[Date "2011.11.23"]
[Round "4"]
[White "Dominguez Perez, Leinier"]
[Black "Fedorchuk, Sergey A"]
[Result "1-0"]
[WhiteElo "2712"]
[BlackElo "2632"]
[Annotator "RR"]
[PlyCount "91"]
[EventDate "2011.11.21"]
[EventType "team-tourn"]
[EventRounds "7"]
[EventCountry "ESP"]
[SourceTitle "CBM 146"]
[Source "ChessBase"]
[SourceDate "2012.01.18"]
[SourceVersion "1"]
[SourceVersionDate "2012.01.18"]
[SourceQuality "1"]
[WhiteTeam "Sestao"]
[BlackTeam "Cajacanarias"]
[WhiteTeamCountry "ESP"]
[BlackTeamCountry "ESP"]

1. c4 e5 2. g3 Nf6 3. Bg2 h6 4. Nc3 Bb4 5. d3 O-O 6. Bd2 Nc6 7. Nf3 Re8 8. O-O
Bxc3 9. Bxc3 d5 10. cxd5 Nxd5 11. Rc1 Nxc3 12. bxc3 Be6 13. Qa4 Rb8 14. Nd2 Bd7
15. Rfe1 Re6 16. Qc2 b6 17. Nb3 a5 18. e3 Na7 19. d4 Bc6 20. Bxc6 Nxc6 21. Red1
Rd6 22. Nd2 Rd7 23. Nc4 Qf6 24. d5 b5 25. dxc6 Rxd1+ 26. Qxd1 bxc4 27. Qd7 Rb6
28. Qc8+ Kh7 29. Qxc7 Rxc6 30. Qxa5 Rd6 31. Qb5 Rd2 32. Rf1 Qe6 33. a4 g6 34.
a5 Ra2 35. Rd1 Qf6 36. Rf1 Qe6 37. e4 h5 38. h4 Ra3 39. Rc1 Ra2 40. Rf1 Ra3 41.
Rc1 Ra2 42. Qc5 Qd7 43. Rf1 Qe6 44. Kg2 Qf6 $2 (44... Qa6 45. Qxe5 Qxa5) 45.
Rb1 $18 Qd8 46. Qxc4 1-0